| 000 | 01131nam a2200277 i 4500 | ||
|---|---|---|---|
| 001 | bg | ||
| 003 | BPK | ||
| 005 | 20160318122048.0 | ||
| 008 | 970904s1988 pl f |000 0 pol | ||
| 015 | _aPB 1990/2359 | ||
| 020 | _a8321334334 | ||
| 020 | _a8321334458 | ||
| 040 |
_aWA N _cBPK |
||
| 080 | _a69 | ||
| 245 | 0 | 0 |
_aWarunki techniczne wykonania i odbioru robót budowlano-montażowych. _nT. 2, _pInstalacje sanitarne i przemysłowe / _c [red. Jadwiga Wójcik, Jolanta Rawdanowicz] ; Ministerstwo Gospodarki Przestrzennej i Budownictwa, Centralny Ośrodek Badawczo-Rozwojowy Techniki Instalacyjnej "Instal". |
| 246 | _aInstalacje sanitarne i przemysłowe | ||
| 250 |
_a[Wyd. 3 _astan prawny na dzień 31 grudnia 1987 r.]. |
||
| 260 |
_aWarszawa : _b"Arkady", _c1988. |
||
| 300 | _a123, [1] s. | ||
| 650 | 4 |
_aBudownictwo _xtechnika. |
|
| 700 | 1 |
_aWójcik, Jadwiga _c(budownictwo). _eRed. |
|
| 700 | 1 |
_aRawdanowicz, Jolanta. _eRed. |
|
| 710 | 2 |
_aWydawnictwo "Arkady". _4pbl. |
|
| 856 |
_uhttp://koha.tu.koszalin.pl/cgi-bin/koha/opac-detail.pl?biblionumber=5920 _yKatalog online BPK |
||
| 942 |
_2UKD _cKS |
||
| 999 |
_c5920 _d5920 |
||